000 00637nam a22002297a 4500
003 UA-OsUOA
001 41201
007 ta
008 20060918b un ||||| |||| 00| 0 ukr d
100 _aАрділа - і Арділа Рубен
090 _a821. 134. 2
_bА 79
942 _cBK
040 _aUA-OsUOA
_bukr
_cUA-OsUOA
_dUA-OsUOA
245 _aНефертіті цариця Єгипту
_bРоман
300 _a241 с.
955 _a3
041 _aukr
080 _a821. 134. 2
260 _aК.
_b"Молодь"
_c1972
650 7 _a82 Література. Літературознавство
_2UDC
999 _c327347
_d327347